| 000 -LEADER |
| fixed length control field |
nam a22 a 4500 |
| 003 - CONTROL NUMBER IDENTIFIER |
| control field |
AKMAL |
| 005 - DATE AND TIME OF LATEST TRANSACTION |
| control field |
20170504161552.0 |
| 008 - FIXED-LENGTH DATA ELEMENTS--GENERAL INFORMATION |
| fixed length control field |
170504s2010 my | e | 001 0 eng d |
| 020 ## - INTERNATIONAL STANDARD BOOK NUMBER |
| International Standard Book Number |
9789833831227 (pbk.) : |
| Terms of availability |
RM29.90 |
| 020 ## - INTERNATIONAL STANDARD BOOK NUMBER |
| International Standard Book Number |
9833831222 (pbk.) |
| 039 #9 - LEVEL OF BIBLIOGRAPHIC CONTROL AND CODING DETAIL [OBSOLETE] |
| Level of rules in bibliographic description |
201110211512 |
| Level of effort used to assign nonsubject heading access points |
nurdiana |
| Level of effort used to assign subject headings |
201110151336 |
| Level of effort used to assign classification |
manoriah |
| Level of effort used to assign subject headings |
201102161119 |
| Level of effort used to assign classification |
suzilawati |
| Level of effort used to assign subject headings |
201012091438 |
| Level of effort used to assign classification |
anis_omar |
| 040 ## - CATALOGING SOURCE |
| Original cataloging agency |
AKMAL |
| 082 04 - DEWEY DECIMAL CLASSIFICATION NUMBER |
| Classification number |
155.92 HAR |
| Edition number |
22 |
| 090 00 - LOCALLY ASSIGNED LC-TYPE CALL NUMBER (OCLC); LOCAL CALL NUMBER (RLIN) |
| Classification number (OCLC) (R) ; Classification number, CALL (RLIN) (NR) |
155.92 |
| Local cutter number (OCLC) ; Book number/undivided call number, CALL (RLIN) |
HAR |
| 100 1# - MAIN ENTRY--PERSONAL NAME |
| Personal name |
Hartley, Gregory |
| 9 (RLIN) |
1509 |
| 245 10 - TITLE STATEMENT |
| Title |
How to spot a liar : |
| Remainder of title |
why people don't tell the truth-- and how you can catch them / |
| Statement of responsibility, etc. |
by Gregory Hartley and Maryann Karinch |
| 260 ## - PUBLICATION, DISTRIBUTION, ETC. |
| Place of publication, distribution, etc. |
Petaling Jaya : |
| Name of publisher, distributor, etc. |
Advantage Quest Publications, |
| Date of publication, distribution, etc. |
2010 |
| 300 ## - PHYSICAL DESCRIPTION |
| Extent |
263p. ; |
| Dimensions |
21cm. |
| 500 ## - GENERAL NOTE |
| General note |
Includes index |
| 650 10 - SUBJECT ADDED ENTRY--TOPICAL TERM |
| Topical term or geographic name entry element |
Truthfulness and falsehood |
| General subdivision |
Psychological aspects |
| 9 (RLIN) |
1510 |
| 650 20 - SUBJECT ADDED ENTRY--TOPICAL TERM |
| Topical term or geographic name entry element |
Deception |
| General subdivision |
Psychological aspects |
| 9 (RLIN) |
1511 |
| 700 1# - ADDED ENTRY--PERSONAL NAME |
| Personal name |
Karinch, Maryann |
| 9 (RLIN) |
1233 |
| 942 ## - ADDED ENTRY ELEMENTS (KOHA) |
| Source of classification or shelving scheme |
|
| Koha item type |
Book |